000
00337nam a2200145Ia 4500
008
150201s1991 xx 000 0 und d
082
_a
611.018
_b
H1991S
100
_a
STEVENS ALAN
245
_a
HISTOLOGY
250
_a
1ST
260
_b
MOSBY
_a
LONDON (ENGLAND)
_c
1991
300
_a
1-378
650
_a
HUMAN HISTOLOGY
942
_2
ddc
_c
BK
999
_c
2620
_d
2620